| 000 | 00644nam a22001937a 4500 | ||
|---|---|---|---|
| 005 | 20170721124009.0 | ||
| 010 | _aENG-119272 | ||
| 020 |
_a9788173055355 _c1800.00 |
||
| 035 | _aEN-102804 | ||
| 037 | _bDBAD/PUB | ||
| 082 | _a954.01 | ||
| 100 | _aLal,B.B. | ||
| 245 |
_aThe Rigvedic people 'invaders' ? 'Immigrants' ?or Indigenous? : _cbyB.B. Lal _bevidence of archaeology and literature / |
||
| 260 |
_aNew Delhi _bAryan Book Interrnational _c2015 |
||
| 270 |
_aPooja Apartments 4BAnsari Road _bNew Delhi _e110002 |
||
| 300 |
_axiii,382p. : _c25cm(pbk) _bill |
||
| 500 | _aIncludes Index | ||
| 942 |
_2ddc _cEN _h954.01 _mLAL |
||
| 999 |
_c142764 _d142764 |
||